000 00680nam a2200205Ia 4500
003 GCL
008 140319s9999 xx 000 0 ara d
040 _aGCL /
_cGCL
082 0 4 _a001.6424
_bم ا
100 1 _aمحمد جمال احمد قبيعة
245 1 0 _aاساسيات النظام ويندوز 95 = WINDOWS /
_cمحمد جمال احمد قبيعة
260 _aبيروت :
_bدار الراتب الجامعية ،
_c1996
300 _a396 ص
490 _a
650 0 4 _aالحاسبات الالكترونية
650 0 4 _aويندوز
650 0 4 _aالحاسبات الالكترونية - برامج
650 0 4 _aويندوز 95
942 _2ddc
_cBK
999 _c47788
_d47788